[Event "Titled Tuesday intern op 5th May"]
[Site "Chess.com INT"]
[Date "2020.05.05"]
[Round "4"]
[White "Atanasov, Anthony"]
[Black "Baker, Chris A"]
[Result "1-0"]
[WhiteElo "2205"]
[BlackElo "2020"]
[PlyCount "35"]
[EventDate "2020.05.05"]
[EventType "swiss (blitz)"]
[EventRounds "10"]
[EventCountry "USA"]
[SourceTitle "EXT 2021"]
[Source "ChessBase"]
[SourceDate "2020.10.23"]
[SourceVersion "1"]
[SourceVersionDate "2020.10.23"]
[SourceQuality "1"]

1. d4 Nf6 2. Bf4 e6 3. e3 d5 4. Nf3 Bd6 5. Bg3 c5 6. Nbd2 Nc6 7. c3 0-0 8. Bd3 b6 9. e4 dxe4 10. Nxe4 Nxe4 11. Bxe4 Bb7 12. dxc5 Bxc5 13. Qa4 Qe8 14. Bxh7+ Kxh7 15. Qh4+ Kg6 16. Qg5+ Kh7 17. Qh5+ Kg8 18. Ng5 1-0

[Event "Titled Tuesday intern op 5th May"]
[Site "Chess.com INT"]
[Date "2020.05.05"]
[Round "2"]
[White "Baker, Chris A"]
[Black "Hansch, Karsten"]
[Result "0-1"]
[WhiteElo "2020"]
[BlackElo "2300"]
[PlyCount "92"]
[EventDate "2020.05.05"]
[EventType "swiss (blitz)"]
[EventRounds "10"]
[EventCountry "USA"]
[SourceTitle "EXT 2021"]
[Source "ChessBase"]
[SourceDate "2020.10.23"]
[SourceVersion "1"]
[SourceVersionDate "2020.10.23"]
[SourceQuality "1"]

1. d4 d5 2. c4 e6 3. Nc3 Nf6 4. Nf3 Be7 5. Bf4 0-0 6. e3 b6 7. cxd5 Nxd5 8. Nxd5 Qxd5 9. Bd3 Qa5+ 10. Ke2 Ba6 11. Qc2 c5 12. dxc5 Qxc5 13. Qxc5 Bxd3+ 14. Kxd3 Bxc5 15. Rhd1 Nc6 16. Ke2 Rfd8 17. Rxd8+ Rxd8 18. Rd1 Rxd1 19. Kxd1 f6 20. Nd2 e5 21. Bg3 Kf7 22. a3 a5 23. e4 Ke6 24. f3 b5 25. Nb3 Bb6 26. Ke2 a4 27. Nc1 Na5 28. Nd3 Nc4 29. Bf2 Bxf2 30. Kxf2 Kd6 31. Ke2 Kc6 32. h4 h5 33. g4 g6 34. gxh5 gxh5 35. Kd1 Ne3+ 36. Ke2 Ng2 37. Kf2 Nxh4 38. f4 Ng6 39. f5 Nf4 40. Nb4+ Kd6 41. Kg3 Ne2+ 42. Kh4 Nd4 43. Nd5 Nxf5+ 44. Kxh5 Ng3+ 45. Kg4 Nxe4 46. Kf5 Kxd5 0-1

[Event "Titled Tuesday intern op 28th Apr"]
[Site "Chess.com INT"]
[Date "2020.04.28"]
[Round "1"]
[White "Baker, Chris A"]
[Black "Bosnjak, Petar"]
[Result "0-1"]
[WhiteElo "2020"]
[BlackElo "2308"]
[PlyCount "60"]
[EventDate "2020.04.28"]
[EventType "swiss (blitz)"]
[EventRounds "10"]
[EventCountry "USA"]
[SourceTitle "EXT 2021"]
[Source "ChessBase"]
[SourceDate "2020.10.23"]
[SourceVersion "1"]
[SourceVersionDate "2020.10.23"]
[SourceQuality "1"]

1. d4 Nf6 2. Nf3 c5 3. d5 d6 4. c4 b5 5. a4 bxc4 6. Nc3 g6 7. e4 Bg7 8. Bxc4 Ba6 9. Qe2 Qb6 10. 0-0 0-0 11. a5 Qb7 12. Re1 Bxc4 13. Qxc4 Nbd7 14. a6 Qb4 15. Nd2 Qxc4 16. Nxc4 Rfb8 17. Na5 Rb6 18. Nc6 Kf8 19. Ra2 Nb8 20. Nxb8 Raxb8 21. f4 Nd7 22. h3 Bd4+ 23. Kh2 Rb3 24. Na4 Nf6 25. Re2 Rd3 26. g4 Rbb3 27. Nc3 Bxc3 28. bxc3 Rdxc3 29. Bb2 Rxh3+ 30. Kg2 Nxg4 0-1

[Event "Titled Tuesday intern op 28th Apr"]
[Site "Chess.com INT"]
[Date "2020.04.28"]
[Round "3"]
[White "Gatineau, Yovann"]
[Black "Baker, Chris A"]
[Result "1-0"]
[WhiteElo "2423"]
[BlackElo "2020"]
[PlyCount "69"]
[EventDate "2020.04.28"]
[EventType "swiss (blitz)"]
[EventRounds "10"]
[EventCountry "USA"]
[SourceTitle "EXT 2021"]
[Source "ChessBase"]
[SourceDate "2020.10.23"]
[SourceVersion "1"]
[SourceVersionDate "2020.10.23"]
[SourceQuality "1"]

1. d4 Nf6 2. Bf4 d5 3. e3 e6 4. Nf3 Bd6 5. Bg3 c5 6. Nbd2 Nc6 7. c3 b6 8. Bb5 Bb7 9. Ne5 Rc8 10. Qa4 Bxe5 11. Bxe5 0-0 12. Bg3 Nh5 13. Nf3 cxd4 14. exd4 Na5 15. Bd3 Nc4 16. Qc2 f5 17. 0-0 Qe7 18. Rae1 Nd6 19. Bh4 Qd7 20. Ne5 Qe8 21. f3 Nf4 22. Bg3 Nxd3 23. Qxd3 Qh5 24. h3 Rfe8 25. Qe3 Ba6 26. Rf2 Nc4 27. Nxc4 Bxc4 28. a3 Bb3 29. Be5 Qf7 30. g4 Rf8 31. gxf5 Qxf5 32. Rg2 Rf7 33. Kh2 Bc4 34. Reg1 g6 35. Qh6 1-0